header

The garden of Priapus (Record no. 19247)

MARC details
000 -LEADER
fixed length control field 01493nam a2200385Ia 4500
100 1# - MAIN ENTRY--AUTHOR NAME
Personal name Richlin, Amy,
245 14 - TITLE STATEMENT
Title The garden of Priapus
250 ## - EDITION STATEMENT
Edition statement Rev. ed.
260 ## - PUBLICATION, DISTRIBUTION, ETC. (IMPRINT)
Place of publication New York :
Name of publisher Oxford University Press,
Year of publication 1992.
300 ## - PHYSICAL DESCRIPTION
Number of Pages xxxiii, 315 p.
650 #0 - SUBJECT ADDED ENTRY--TOPICAL TERM
Topical Term Latin wit and humor
Topical Term Erotic poetry, Latin
Topical Term Aggressiveness in literature.
Topical Term Satire, Latin
Topical Term Priapus (Greek deity) in literature.
Topical Term Sex in literature.
Topical Term Invective.
856 40 - ELECTRONIC LOCATION AND ACCESS
Uniform Resource Identifier http://site.ebrary.com/lib/rucke/Doc?id=10278940

No items available.

© 2026 Rongo University
Contact us: librarian | system librarian | Rongo university